| 000 | 00000nam 2200000zi 4500 |
| 001 | 9.939120 |
| 003 | CaOODSP |
| 005 | 20250313135411 |
| 006 | m o d f |
| 007 | cr mn||||||||| |
| 008 | 240607t20252025onca ob f000 0 fre d |
| 020 | |a9780660722689 |
| 040 | |aCaOODSP|bfre|erda|cCaOODSP |
| 043 | |an-cn--- |
| 086 | 1 |aPS4-239/2025F-PDF |
| 245 | 00|aStratégie nationale de cybersécurité du Canada : |bsécuriser l'avenir numérique du Canada. |
| 246 | 17|aStratégie nationale de cybersécurité |
| 264 | 1|a[Ottawa] : |bSécurité publique Canada = Public Safety Canada, |c2025. |
| 264 | 4|c©2025 |
| 300 | |a1 ressource en ligne (46 pages) : |billustrations en couleur |
| 336 | |atexte|btxt|2rdacontent/fre |
| 337 | |ainformatique|bc|2rdamedia/fre |
| 338 | |aressource en ligne|bcr|2rdacarrier/fre |
| 500 | |aPublié aussi en anglais sous le titre : Canada's national cyber security strategy : securing Canada's digital future. |
| 500 | |aTitre de la couverture. |
| 500 | |a« Date de publication : 2025-01. » |
| 504 | |aComprend des références bibliographiques. |
| 650 | 6|aCriminalité informatique|xPrévention|xPolitique gouvernementale|zCanada. |
| 650 | 6|aCyberterrorisme|xPrévention|xPolitique gouvernementale|zCanada. |
| 650 | 6|aSécurité informatique|xPolitique gouvernementale|zCanada. |
| 710 | 1 |aCanada. |bSécurité publique Canada, |eorganisme de publication. |
| 775 | 08|tCanada's national cyber security strategy : |w(CaOODSP)9.939119 |
| 795 | |tStratégie nationale de cybersécurité |w(CaOODSP)9.856431 |
| 856 | 40|qPDF|s4.25 Mo|uhttps://publications.gc.ca/collections/collection_2025/sp-ps/PS4-239-2025-fra.pdf |
| 856 | 4 |qHTML|sS.O.|uhttps://www.securitepublique.gc.ca/cnt/rsrcs/pblctns/ntnl-cbr-scrt-strtg-2025/index-fr.aspx |